00624nam a2200217Ia 4500003000400000005001700004008004100021020001500062040001800077041000800095082002000103245007900123250001200202260004100214300002900255650002300284650003300307650001900340700002800359700001900387OSt20241127150539.0210716s1993 xx 000 0 und d a0130929174 cAIMIT LIBRARY aeng a174.4 23bDONT aCase studies in business ethics /cEdited by Thomas Donaldson and Al Gini. a3rd ed. aNew Jersey ;bPrentice Hall ,c1993. axiv,321p, ;bPBc23.8 cm aBusiness or ethics aEmployee- employer relations aMultinationals aDonaldson, Thomas., ed. aGini, Al., ed.